[Event "Druzynowe Mistrzostwa Polski Juniorow - I Liga Juniorow 2019"]
[Site "Ustron"]
[Date "1899-12-30"]
[Round "7.19"]
[White "Szpar, Milosz"]
[Black "Raczynski, Krzysztof"]
[Result "1-0"]
[WhiteTitle "FM"]
[BlackTitle "k+"]
[WhiteElo "2289"]
[BlackElo "2170"]

1. e4 c5 2. Nf3 d6 3. d4 cxd4 4. Qxd4 a6 5. c4 Nc6 6. Qd2 g6 7. Nc3 Bg7 8. b3 Nf6
9. Bb2 O-O 10. h3 Qa5 11. Bd3 b5 12. cxb5 axb5 13. a3 Be6 14. b4 Qb6 15. O-O Bc4
16. Bxc4 bxc4 17. Nd5 Nxd5 18. Bxg7 Kxg7 19. exd5 Ne5 20. Qc3 Rfc8 21. Nxe5 dxe5
22. Qxe5+ Qf6 23. Qe4 c3 24. Rfc1 Ra6 25. a4 e6 26. b5 exd5 27. Qxd5 Rd6 28. Qf3
Qd4 29. Ra2 Rc5 30. Qg4 Qe5 31. Qg3 Rd2 32. Qxe5+ Rxe5 33. Raa1 Ree2 34. Rf1 Ra2
35. Rxa2 Rxa2 36. Rc1 c2 37. Kf1 Kf6 38. b6 Ke6 39. b7 Rb2 40. Rxc2 Rxb7 41. Ra2
Ra7 42. a5 Ra6 43. Ke2 Ke5 44. h4 h5 45. Ke3 f6 46. Ra3 g5 47. Ra4 gxh4 48. Kf3
f5 49. Ke3 Kd5 50. Kf3 Ke5 51. Ra2 Kf6 52. Kf4 Kg6 53. Ra4 Kf6 54. f3 Kg6 55.
Ra1 Kf6 56. Ra2 Kg6 57. Ke3 Kg5 58. Ra4 f4+ 59. Ke4 Re6+ 60. Kd5 Ra6 61. Ke5 Ra8
62. a6 Ra7 63. Ra5 Rf7 64. Ke6+ Kg6 65. Rg5+ 1-0

[Event "Druzynowe Mistrzostwa Polski Juniorow - I Liga Juniorow 2019"]
[Site "Ustron"]
[Date "1899-12-30"]
[Round "7.20"]
[White "Butyrowski, Marcel"]
[Black "Redzisz, Michal"]
[Result "1/2-1/2"]
[WhiteTitle "I++"]
[BlackTitle "k"]
[WhiteElo "2041"]
[BlackElo "2054"]

1. d4 Nf6 2. c4 e6 3. g3 Bb4+ 4. Bd2 a5 5. Bg2 d5 6. a3 Bxd2+ 7. Nxd2 O-O 8. Ngf3
b6 9. O-O Bb7 10. Rc1 Nbd7 11. Qc2 c5 12. cxd5 exd5 13. Rfe1 Re8 14. Nb1 Rc8 15.
Nc3 Ne4 16. Qb1 Ndf6 17. e3 Nxc3 18. bxc3 Ne4 19. Qb2 Ba6 20. Nd2 Qd6 21. Nxe4
dxe4 22. Red1 Bd3 23. Bf1 c4 24. a4 Qc6 25. Bh3 Rcd8 26. Qa3 Rd5 27. Rd2 Qh6 28.
Bg2 g5 29. h3 Qe6 30. Rb2 h5 31. Kh2 g4 32. h4 Qc6 33. Rd1 Kg7 34. Rdd2 f6 35.
Rb5 Rxb5 36. axb5 Qd5 37. Rb2 Kf7 38. Qa4 Qd6 39. Rd2 Rd8 40. Rb2 Qf8 41. Rd2
1/2-1/2

[Event "Druzynowe Mistrzostwa Polski Juniorow - I Liga Juniorow 2019"]
[Site "Ustron"]
[Date "1899-12-30"]
[Round "7.21"]
[White "Poltorak, Sebastian"]
[Black "Wojdak, Jan"]
[Result "1/2-1/2"]
[WhiteTitle "I++"]
[BlackTitle "I"]
[WhiteElo "2068"]
[BlackElo "1803"]

1. d4 Nf6 2. c4 g6 3. Nc3 Bg7 4. e4 d6 5. f3 O-O 6. Nge2 c5 7. Be3 cxd4 8. Nxd4
Nc6 9. Qd2 Nxd4 10. Bxd4 Be6 11. Be2 Rc8 12. b3 Qa5 13. Rd1 a6 14. O-O Qd8 15.
f4 Ne8 16. f5 Bd7 17. Bxg7 Kxg7 18. Nd5 f6 19. Rf3 g5 20. h4 h6 21. Kf2 Bc6 22.
Rh1 Bxd5 23. exd5 Rh8 24. Rfh3 Qd7 25. g4 Nc7 26. Qe3 Rcf8 27. Qb6 Ne8 28. Ke3
Qc7 29. Qd4 a5 30. hxg5 hxg5 31. Rh5 Rxh5 32. Rxh5 Kf7 33. Qe4 Ng7 34. Rh7 Rg8
35. Qd4 Qc5 36. Qxc5 dxc5 37. Bf3 Re8 38. Kf2 Kg8 39. Rh1 Rd8 40. a3 Ne8 41. b4
axb4 42. axb4 b6 43. Ra1 Nd6 44. Be2 Rc8 45. Ke3 Kf7 46. Ra6 1/2-1/2

[Event "Druzynowe Mistrzostwa Polski Juniorow - I Liga Juniorow 2019"]
[Site "Ustron"]
[Date "1899-12-30"]
[Round "7.22"]
[White "Stanislawski, Karol"]
[Black "Meers, Hubert"]
[Result "0-1"]
[WhiteTitle "II"]
[BlackTitle "I++"]
[WhiteElo "1279"]
[BlackElo "2072"]

1. d4 f5 2. c4 Nf6 3. Nc3 g6 4. Nf3 Bg7 5. g3 O-O 6. Bg2 d6 7. O-O Qe8 8. Bg5 e5
9. Bxf6 Bxf6 10. Nd5 Bd8 11. c5 e4 12. Qb3 Qf7 13. Ng5 Bxg5 14. Nxc7 dxc5 15.
d5 Qxc7 16. f3 c4 17. Qc2 Nd7 18. fxe4 Nf6 19. exf5 Be3+ 20. Kh1 Bxf5 21. Qc3
Qc5 22. b4 cxb3 23. Qxb3 Be4 24. Bxe4 Nxe4 25. d6+ Kh8 26. Qxb7 Nxd6 27. Qe7 Qd5+
0-1

[Event "Druzynowe Mistrzostwa Polski Juniorow - I Liga Juniorow 2019"]
[Site "Ustron"]
[Date "1899-12-30"]
[Round "7.23"]
[White "Leczek, Weronika"]
[Black "Szelag, Zuzanna"]
[Result "1-0"]
[WhiteTitle "k"]
[BlackTitle "k"]
[WhiteElo "1806"]
[BlackElo "1942"]

1. e4 c5 2. Ne2 d6 3. g3 e5 4. Bg2 Nf6 5. c3 Be7 6. d4 cxd4 7. cxd4 O-O 8. O-O
Nbd7 9. Nbc3 a6 10. h3 b5 11. a3 Rb8 12. b4 Nb6 13. g4 Ne8 14. d5 Nc4 15. Ng3
Bg5 16. Bxg5 Qxg5 17. Re1 a5 18. bxa5 Nxa5 19. Qb1 Ba6 20. Bf1 Nc7 21. Qb4 Nb7
22. Nxb5 Nxb5 23. Bxb5 Nc5 24. a4 Nd3 25. Qxd6 Bxb5 26. axb5 Nxe1 27. Rxe1 Rfd8
28. Qc7 Qf6 29. Nf5 g6 30. Ne7+ Kg7 31. Nc6 Rdc8 32. Qd7 Ra8 33. b6 Ra2 34. Rf1
Rf8 35. b7 Rb2 36. Qc7 Kh6 37. b8=Q Rfxb8 38. Nxb8 Qf3 39. Qc1+ 1-0

[Event "Druzynowe Mistrzostwa Polski Juniorow - I Liga Juniorow 2019"]
[Site "Ustron"]
[Date "1899-12-30"]
[Round "7.24"]
[White "Frackowiak, Lena"]
[Black "Slusarczyk, Milena"]
[Result "1/2-1/2"]
[WhiteTitle "II"]
[BlackTitle "I+"]
[WhiteElo "1039"]
[BlackElo "1522"]

1. e4 c5 2. Nc3 a6 3. d4 cxd4 4. Qxd4 Nc6 5. Qd2 g6 6. b3 Bg7 7. Bb2 Nf6 8. O-O-O
O-O 9. Be2 d6 10. h3 b5 11. g4 Bb7 12. g5 Nd7 13. h4 Nc5 14. f3 Ne6 15. f4 b4
16. Nd5 a5 17. f5 Bxb2+ 18. Kxb2 Nc7 19. Nf3 Nxd5 20. exd5 Ne5 21. Nxe5 dxe5 22.
Bg4 gxf5 23. Bxf5 e6 24. Be4 exd5 25. Bxd5 Qxd5 26. Qxd5 Bxd5 27. Rxd5 Rfe8 28.
Re1 e4 29. Rd4 e3 30. Rd3 e2 31. Rd2 Re4 32. Rdxe2 Rxh4 33. Re8+ Rxe8 34. Rxe8+
Kg7 35. Ra8 Rh5 36. Rxa5 Kg6 1/2-1/2

[Event "Druzynowe Mistrzostwa Polski Juniorow - I Liga Juniorow 2019"]
[Site "Ustron"]
[Date "1899-12-30"]
[Round "7.25"]
[White "Brozyna, Mateusz"]
[Black "Teclaf, Pawel"]
[Result "1/2-1/2"]
[WhiteTitle "k"]
[BlackTitle "IM"]
[WhiteElo "2252"]
[BlackElo "2454"]

1. e4 c5 2. Nf3 d6 3. d4 cxd4 4. Nxd4 Nf6 5. Nc3 a6 6. Nb3 e5 7. Bg5 Be6 8. Bxf6
Qxf6 9. Nd5 Qd8 10. Qd3 Nd7 11. O-O-O Rc8 12. g3 Bxd5 13. Qxd5 Qc7 14. c3 b5 15.
Bh3 Nb6 16. Qd3 Rb8 17. Kb1 Be7 18. Nd2 Na4 19. Nf1 b4 20. c4 Qb6 21. Qe2 Nc3+
22. bxc3 bxc3+ 23. Ka1 Qa5 24. c5 Rb2 25. Qc4 c2 26. Rc1 Rxa2+ 27. Qxa2 Qc3+ 28.
Qb2 Qa5+ 29. Qa2 Qc3+ 30. Qb2 Qa5+ 1/2-1/2

[Event "Druzynowe Mistrzostwa Polski Juniorow - I Liga Juniorow 2019"]
[Site "Ustron"]
[Date "1899-12-30"]
[Round "7.26"]
[White "Galuszka, Tomasz"]
[Black "Suder, Jakub"]
[Result "0-1"]
[WhiteTitle "k"]
[BlackTitle "I++"]
[WhiteElo "2112"]
[BlackElo "1989"]

1. e4 c5 2. Nf3 e6 3. d4 cxd4 4. Nxd4 a6 5. Nc3 Qc7 6. Bd3 Nf6 7. O-O d6 8. Be3
Be7 9. f4 Nbd7 10. Qf3 b5 11. a3 Bb7 12. Rae1 Nc5 13. g4 Nfd7 14. Rc1 Nb6 15.
f5 e5 16. Nb3 Rd8 17. Na5 Ba8 18. b4 Nb7 19. Nb3 Qxc3 20. Bxb6 Rc8 21. Be3 d5
22. exd5 Nd6 23. Bc5 h5 24. g5 f6 25. g6 h4 26. Rce1 h3 27. Nd4 Rxc5 28. Ne6 Rxd5
29. Qe3 Rh4 30. Qa7 Rg4+ 31. Kh1 Bb7 32. Nxg7+ Kd7 33. Be4 Rxe4 0-1

[Event "Druzynowe Mistrzostwa Polski Juniorow - I Liga Juniorow 2019"]
[Site "Ustron"]
[Date "1899-12-30"]
[Round "7.27"]
[White "Dziewonski, Dariusz"]
[Black "Dziendziel, Mateusz"]
[Result "1/2-1/2"]
[WhiteTitle "I"]
[BlackTitle "I"]
[WhiteElo "1803"]
[BlackElo "1753"]

1. e4 c6 2. d4 d5 3. Nc3 g6 4. Nf3 Bg7 5. h3 dxe4 6. Nxe4 Nd7 7. Bc4 Ngf6 8. Nxf6+
Nxf6 9. O-O O-O 10. Bf4 Nd5 11. Be5 Bh6 12. Re1 b6 13. c3 Bb7 14. Qe2 Rc8 15.
Rad1 Re8 16. Bg3 e6 17. Ne5 Qe7 18. Ng4 Bg7 19. Be5 f6 20. Bg3 h5 21. Ne3 Qf7
22. Bd3 Bh6 23. Nxd5 cxd5 24. Qc2 Kg7 25. Re2 a6 26. Qb3 Rc6 27. Rde1 b5 28. a4
bxa4 29. Qxa4 Kh7 30. Ra1 Bf8 31. Qd1 Bd6 32. Bxd6 Rxd6 33. Re1 Kg7 34. Qe2 Ra8
35. Ra5 Qc7 36. Rea1 Qc8 37. R1a3 Rc6 38. Qc2 Qe8 39. Rb3 Bc8 40. Bb5 axb5 41.
Rxa8 Rb6 42. Ra5 Qc6 43. Qe2 Ba6 44. Rb4 Qd6 45. Ra1 Rb8 46. Re1 Kf7 47. Qe3 g5
48. Qg3 Qxg3 49. fxg3 g4 50. Kf2 Bc8 51. Ra1 e5 52. Ra7+ Kg6 53. Ra5 Bd7 54. dxe5
fxe5 55. Ra6+ Kf5 56. Rh6 Be8 57. Rd6 Bf7 58. Rd7 1/2-1/2

[Event "Druzynowe Mistrzostwa Polski Juniorow - I Liga Juniorow 2019"]
[Site "Ustron"]
[Date "1899-12-30"]
[Round "7.28"]
[White "Herwy, Jakub"]
[Black "Sobala, Filip"]
[Result "1/2-1/2"]
[WhiteTitle "I+"]
[BlackTitle "II"]
[WhiteElo "1641"]
[BlackElo "1421"]

1. e4 d5 2. exd5 Qxd5 3. Nc3 Qa5 4. d4 Nf6 5. Bc4 Bg4 6. Nf3 Nc6 7. Bd2 Qh5 8.
Be2 O-O-O 9. h3 Nxd4 10. Nxd4 Rxd4 11. f3 Qh4+ 12. Kf1 Bd7 13. Qc1 h6 14. Be3
Rd6 15. f4 Nd5 16. Ne4 Nxe3+ 17. Qxe3 Re6 18. g3 Rxe4 19. Qxe4 Qxg3 20. Qf3 Qg6
21. Qe3 b6 22. Ba6+ Kb8 23. Rd1 Qc6 24. Rh2 e6 25. Rd3 Bd6 26. Qf3 Qxf3+ 27. Rxf3
Bc8 28. Bxc8 Kxc8 29. Rg2 g6 30. Ke2 Kd7 31. Kd3 Ke7 32. Ke4 Rd8 33. Rd3 a5 34.
a3 h5 35. Rgd2 Rb8 36. c4 Rd8 37. b4 axb4 38. axb4 Ra8 39. b5 Ra4 40. Rc2 Kf6
41. Rf3 Bc5 42. Rd3 Bd6 43. Rf3 1/2-1/2

[Event "Druzynowe Mistrzostwa Polski Juniorow - I Liga Juniorow 2019"]
[Site "Ustron"]
[Date "1899-12-30"]
[Round "7.29"]
[White "Mazanowska, Aniela"]
[Black "Adamczyk, Zuzanna"]
[Result "0-1"]
[WhiteTitle "II"]
[BlackTitle "k"]
[WhiteElo "1250"]
[BlackElo "1872"]

1. e4 c5 2. Nf3 e6 3. d3 Nc6 4. g3 g6 5. Bg2 Bg7 6. O-O Nge7 7. c3 d5 8. Re1 O-O
9. Nbd2 e5 10. exd5 Nxd5 11. Nc4 Re8 12. Ne3 Nc7 13. Qd2 Be6 14. Rd1 h6 15. Nc2
Qe7 16. d4 Rad8 17. Nh4 cxd4 18. cxd4 Nxd4 19. Bxb7 Bg4 20. Nxd4 Rxd4 21. Qe3
Rxd1+ 22. Kg2 Qd7 23. h3 Bxh3+ 24. Kh2 Bf1 25. Bg2 g5 26. Nf3 Qg4 27. Ne1 Bxg2
28. Kxg2 Nd5 29. Qf3 Qxf3+ 30. Nxf3 Rc8 31. a4 Rcxc1 32. Ra3 g4 33. Ne1 Rxe1 34.
f3 Re2# 0-1

[Event "Druzynowe Mistrzostwa Polski Juniorow - I Liga Juniorow 2019"]
[Site "Ustron"]
[Date "1899-12-30"]
[Round "7.30"]
[White "Obrochta, Lena"]
[Black "Goraj, Barbara"]
[Result "0-1"]
[WhiteTitle "I++"]
[BlackTitle "I++"]
[WhiteElo "1546"]
[BlackElo "1783"]

1. e4 c5 2. Nf3 Nc6 3. d4 cxd4 4. Nxd4 Nf6 5. Nc3 d6 6. Nb3 e6 7. Bd3 Be7 8. O-O
a6 9. a4 b6 10. f4 Bb7 11. Kh1 Qc7 12. Qe2 O-O 13. Bd2 Nb4 14. Rae1 Nd7 15. Nb1
Nxd3 16. cxd3 Nc5 17. Nxc5 dxc5 18. Qg4 f5 19. Qe2 Bh4 20. Rc1 Qd7 21. a5 Rad8
22. Rf3 b5 23. Rh3 Be7 24. Qh5 h6 25. Re1 Qe8 26. Qe2 fxe4 27. dxe4 Kh7 28. Rf1
Rd4 29. Re3 Qc6 30. Nc3 b4 31. Nd1 Rxe4 32. Qd3 Kh8 33. Rg3 Rd8 34. Qc2 Re2 35.
Qg6 Qxg2+ 36. Rxg2 Rxg2 37. Qxg2 Bxg2+ 38. Kxg2 Rxd2+ 39. Kg3 Bf6 40. Re1 Kg8
41. h3 Kf7 0-1

[Event "Druzynowe Mistrzostwa Polski Juniorow - I Liga Juniorow 2019"]
[Site "Ustron"]
[Date "1899-12-30"]
[Round "8.1"]
[White "Fus, Jakub"]
[Black "Teclaf, Pawel"]
[Result "1/2-1/2"]
[WhiteTitle "FM"]
[BlackTitle "IM"]
[WhiteElo "2341"]
[BlackElo "2454"]

1. d4 Nf6 2. c4 e6 3. Nc3 Bb4 4. Nf3 b6 5. Qc2 Bb7 6. a3 Bxc3+ 7. Qxc3 d6 8. e3
Nbd7 9. Be2 O-O 10. O-O Ne4 11. Qc2 f5 12. d5 exd5 13. Nd4 Qf6 14. cxd5 Bxd5 15.
Bc4 Bxc4 16. Qxc4+ Kh8 17. Qxc7 Ndc5 18. Qc6 Nd3 19. Qc2 Nxc1 20. Raxc1 Rae8 21.
Ne2 Re5 22. b4 Qf7 23. Rfd1 Rfe8 24. Qc4 Qd7 25. Nf4 Qa4 26. Qd3 Nf6 27. Qc3 a5
28. Rd4 Re4 29. Rxd6 axb4 30. axb4 Qxb4 31. Qxb4 Rxb4 32. Nd5 Nxd5 33. Rxd5 f4
34. exf4 Rxf4 35. g3 Rf6 36. Rd7 h6 37. Rc2 b5 38. Rb7 Rf5 39. Kg2 Ref8 40. Rb2
Kh7 41. R7xb5 Rxb5 42. Rxb5 Ra8 43. h4 Ra2 44. g4 Rc2 45. Kg3 Ra2 46. h5 Ra4 47.
f3 Rc4 48. Re5 Kg8 49. Re4 Rc3 50. Kf4 Kf7 51. Ra4 Kf6 52. Ra6+ Kf7 53. Ra5 Kf6
54. Rf5+ Ke6 55. Re5+ Kf6 56. Re4 Ra3 57. Rb4 Ra5 58. Rb6+ Kf7 59. Rg6 Ra4+ 60.
Kg3 Rc4 61. Ra6 Rb4 62. Ra3 Rc4 63. f4 Rc5 64. Ra7+ Kf6 65. Ra6+ Kf7 66. Ra4 Kg8
67. Kh4 Rb5 68. Ra8+ Kf7 69. Ra7+ Kg8 70. Re7 Rb4 71. Kg3 Rb3+ 72. Kf2 Kf8 73.
Re3 Rb4 74. Kf3 Kf7 75. Ra3 Kg8 76. Ra5 Kf7 77. Ke3 Rc4 78. Rd5 Ke6 79. Rd4 Rc3+
80. Ke4 Rg3 81. f5+ Kf6 82. Kf4 Rg1 83. Rd6+ Kf7 84. Rg6 Rf1+ 85. Kg3 Kf8 86.
f6 Rxf6 87. Rxf6+ gxf6 88. Kf4 Ke7 89. Ke3 Ke6 90. Ke4 Ke7 91. Kf5 Kf7 92. Kf4
Ke7 93. Ke4 Ke6 94. Kf4 Ke7 95. Ke3 Ke6 96. Ke4 Ke7 97. Kd5 Kd7 98. Ke4 1/2-1/2

[Event "Druzynowe Mistrzostwa Polski Juniorow - I Liga Juniorow 2019"]
[Site "Ustron"]
[Date "1899-12-30"]
[Round "8.2"]
[White "Niedbala, Bartlomiej"]
[Black "Baum, Jonasz"]
[Result "0-1"]
[WhiteTitle "k"]
[BlackTitle "FM"]
[WhiteElo "2120"]
[BlackElo "2295"]

1. e4 c6 2. d4 d5 3. e5 c5 4. dxc5 e6 5. a3 Bxc5 6. Qg4 Ne7 7. b4 Bb6 8. Nf3 O-O
9. Bd3 f5 10. Qg3 a5 11. b5 Nd7 12. a4 Nc5 13. O-O Ng6 14. Ba3 Ne4 15. Bxe4 fxe4
16. Bxf8 Qxf8 17. Nh4 Nf4 18. Qg4 Bd4 19. Ra3 Bxe5 20. g3 Bd6 21. Rc3 h5 22. Qd1
d4 23. Rb3 Nh3+ 24. Kg2 e5 25. Qxh5 Be6 26. Ng6 Qf6 27. f3 e3 28. Qh8+ Kf7 29.
Qxa8 Qxg6 30. Qxb7+ Kg8 31. Qa8+ Kh7 32. Rd3 Bd5 33. Qd8 Nf4+ 34. Kh1 e2 35. Qh4+
Kg8 36. Qd8+ Kh7 37. Qh4+ Qh6 38. Qxh6+ Kxh6 39. Rc1 Nxd3 40. cxd3 Bb4 41. Kg2
e1=Q 42. Rxe1 Bxe1 43. Na3 Bb4 44. Nc4 Bxc4 45. dxc4 Kg5 0-1

[Event "Druzynowe Mistrzostwa Polski Juniorow - I Liga Juniorow 2019"]
[Site "Ustron"]
[Date "1899-12-30"]
[Round "8.3"]
[White "Janeczko, Jakub"]
[Black "Dziendziel, Mateusz"]
[Result "0-1"]
[WhiteTitle "I"]
[BlackTitle "I"]
[WhiteElo "1725"]
[BlackElo "1753"]

1. e4 c5 2. Nf3 d6 3. d4 Nf6 4. Nc3 cxd4 5. Nxd4 g6 6. Be2 a6 7. Bg5 Nbd7 8. O-O
Bg7 9. Re1 O-O 10. Bf1 Re8 11. Nb3 Qc7 12. Rb1 b6 13. Qd2 Bb7 14. h3 Rac8 15.
Bh6 Bxh6 16. Qxh6 b5 17. a3 Nb6 18. Nd2 Nc4 19. Bxc4 bxc4 20. f4 Qc5+ 21. Kh2
Qh5 22. Qxh5 Nxh5 23. g3 Ng7 24. g4 Ne6 25. Nf3 Nxf4 26. Kg3 Ne6 27. Rbd1 Red8
28. Nd5 Kf8 29. Nc3 Rc5 30. Re2 h6 31. h4 Bc6 32. Nd4 Nxd4 33. Rxd4 Rb8 34. Nd1
Rb7 35. Re3 Bd7 36. Rc3 Be6 37. Re3 Kg7 38. Kf4 h5 39. g5 Bg4 40. Kg3 Bxd1 41.
Rxd1 Rxb2 42. Rc3 Rb6 43. Rd4 Rbc6 44. Rd2 f6 45. gxf6+ exf6 46. Rd4 Kf7 47. Kf4
g5+ 48. Kg3 Ke6 49. Rd2 Ra5 50. Rd4 Ke5 51. Rdxc4 Rxc4 52. Rxc4 Rxa3+ 53. c3 Rb3
54. Kh3 a5 55. Kg3 g4 56. Kg2 Rb2+ 57. Kg3 Rc2 58. Rc8 Kxe4 59. Rc4+ Ke5 60. Rc8
Kf5 61. Rc4 Kg6 62. Kf4 Rh2 63. Rd4 Rf2+ 64. Ke4 g3 65. Ke3 Rc2 66. Rxd6 g2 67.
Rd1 Rxc3+ 68. Kf2 Rc2+ 69. Kg1 Ra2 70. Rd8 Kf5 71. Rd5+ Kg4 72. Rd4+ Kg3 73. Ra4
Rf2 74. Ra3+ Rf3 75. Re3 Kf4 76. Re6 Kg3 77. Re3 f5 78. Rd3 f4 79. Ra3 a4 80.
Rc3 Kg4 81. Rc4 Kh3 82. Rxf4 Rf1+ 0-1

[Event "Druzynowe Mistrzostwa Polski Juniorow - I Liga Juniorow 2019"]
[Site "Ustron"]
[Date "1899-12-30"]
[Round "8.4"]
[White "Herwy, Jakub"]
[Black "Sidorczuk, Pawel"]
[Result "1-0"]
[WhiteTitle "I+"]
[BlackTitle "II+"]
[WhiteElo "1641"]
[BlackElo "1610"]

1. e4 e5 2. Bc4 Nc6 3. d3 Nf6 4. Nc3 Bc5 5. f4 d6 6. Nf3 Ng4 7. Ng5 h6 8. f5 hxg5
9. Qxg4 Rh4 10. Qg3 g4 11. Nd5 Bb6 12. c3 Bd7 13. f6 Rh7 14. fxg7 Rxg7 15. Rf1
Be6 16. Nf6+ Ke7 17. Qh4 Qh8 18. Ng8+ 1-0

[Event "Druzynowe Mistrzostwa Polski Juniorow - I Liga Juniorow 2019"]
[Site "Ustron"]
[Date "1899-12-30"]
[Round "8.5"]
[White "Tarka, Aleksandra"]
[Black "Adamczyk, Zuzanna"]
[Result "1/2-1/2"]
[WhiteTitle "I++"]
[BlackTitle "k"]
[WhiteElo "1574"]
[BlackElo "1872"]

1. e4 c5 2. Nf3 e6 3. d4 cxd4 4. Nxd4 Nc6 5. Nc3 Qc7 6. f4 a6 7. Nxc6 Qxc6 8. Bd3
b5 9. Qe2 Bb7 10. Bd2 Nf6 11. e5 Nd5 12. Be4 Qc5 13. a3 Nxc3 14. Bxc3 Bxe4 15.
Qxe4 Rc8 16. O-O-O Qc7 17. Rd3 Qc4 18. Rd4 Qc6 19. Qxc6 Rxc6 20. Rhd1 Rc7 21.
Ba5 Rb7 22. Bb4 Bxb4 23. axb4 Ke7 24. Rd6 Ra8 25. R1d3 a5 26. Ra3 a4 27. b3 Rc8
28. Kb2 Rbc7 29. Rd2 axb3 30. Rxb3 Rc4 31. g3 Re4 32. c3 g5 33. fxg5 Rxe5 34.
h4 Rc4 35. Ra3 Rc7 36. Kc2 Re3 37. Rd3 Re2+ 38. Rd2 Re3 39. Rd3 Re2+ 40. Rd2 Re3
41. Rd3 1/2-1/2

[Event "Druzynowe Mistrzostwa Polski Juniorow - I Liga Juniorow 2019"]
[Site "Ustron"]
[Date "1899-12-30"]
[Round "8.6"]
[White "Obrochta, Lena"]
[Black "Rejniak, Zuzanna"]
[Result "1-0"]
[WhiteTitle "I++"]
[BlackTitle "k"]
[WhiteElo "1546"]
[BlackElo "1808"]

1. e4 c6 2. d4 d5 3. exd5 cxd5 4. Bd3 Nc6 5. c3 Nf6 6. Bf4 Bg4 7. Qb3 Qd7 8. Nd2
e6 9. Ngf3 Bxf3 10. Nxf3 Bd6 11. Bxd6 Qxd6 12. O-O O-O 13. Rae1 Nd7 14. Qc2 h6
15. Qe2 a6 16. Ne5 b5 17. f4 b4 18. Rf3 bxc3 19. bxc3 Ndxe5 20. fxe5 Qe7 21. Ref1
Ra7 22. Bb1 Nb8 23. Rf6 Nd7 24. Qg4 Kh8 25. Qh5 Nxf6 26. exf6 Qb7 27. Bd3 Qb2
28. Qe5 g6 29. Qe3 Kh7 30. Rf3 Qa1+ 31. Kf2 Qb2+ 32. Kg1 Qa1+ 33. Bf1 Rb7 34.
Rh3 h5 35. Rxh5+ gxh5 36. Qg5 Qxf1+ 37. Kxf1 Rb1+ 38. Kf2 Rb2+ 39. Ke3 Rxg2 40.
Qxg2 Rg8 41. Qf3 Rg5 42. Qf1 Rf5 43. Qxa6 Rxf6 44. a4 Kg6 45. Qd3+ Kg5 46. a5
Kg4 47. Qe2+ Kh4 48. a6 e5 49. dxe5 Rxa6 50. Qxa6 1-0

[Event "Druzynowe Mistrzostwa Polski Juniorow - I Liga Juniorow 2019"]
[Site "Ustron"]
[Date "1899-12-30"]
[Round "8.7"]
[White "Raczynski, Krzysztof"]
[Black "Brozyna, Mateusz"]
[Result "1-0"]
[WhiteTitle "k+"]
[BlackTitle "k"]
[WhiteElo "2170"]
[BlackElo "2252"]

1. e4 e5 2. Nf3 Nc6 3. Bb5 a6 4. Ba4 Nf6 5. O-O Be7 6. Re1 b5 7. Bb3 d6 8. c3 O-O
9. h3 Nb8 10. d4 Nbd7 11. c4 c6 12. a3 bxc4 13. Bxc4 Nxe4 14. dxe5 d5 15. Ba2
Ndc5 16. Qc2 Bd7 17. Nd4 Qc7 18. b4 Qxe5 19. Bb2 Qg5 20. Nf3 Qh5 21. bxc5 Bxh3
22. gxh3 Qxf3 23. Nc3 Ng5 24. Re3 Qh5 25. Qe2 Qxe2 26. Nxe2 Rab8 27. Rb1 Bxc5
28. Bd4 Rxb1+ 29. Bxb1 Bxd4 30. Nxd4 c5 31. Nf5 d4 32. Rg3 Ne6 33. Bd3 Ra8 34.
Bc4 g6 35. Nd6 Rd8 36. Ne4 a5 37. a4 Nf4 38. Rf3 Ne6 39. Rb3 Kf8 40. Bxe6 fxe6
41. Nxc5 Ke7 42. Rb6 Rd5 43. Nd3 Rh5 44. Kg2 Kd7 45. Kg3 Rf5 46. h4 h6 47. f3
Ke7 48. Kg4 h5+ 49. Kg3 g5 50. hxg5 Rxg5+ 51. Kf4 Rf5+ 52. Ke4 Kf6 53. Rb8 h4
54. Rh8 Kg5 55. Rg8+ Kf6 56. Nf4 Re5+ 57. Kxd4 Re1 58. Nd3 Ra1 59. Nc5 h3 60.
Rh8 Rh1 61. Ne4+ Kg7 62. Rh4 h2 63. Nf2 Ra1 64. Rxh2 Rxa4+ 65. Ke3 Ra3+ 66. Nd3
Kf6 67. Rh6+ Kf5 68. f4 Ra1 69. Rh8 Kf6 70. Ra8 Kf5 71. Rf8+ Kg6 72. Ne5+ Kg7
73. Rf7+ Kg8 74. Re7 a4 75. Rxe6 a3 76. Ra6 a2 77. Nd3 Kf7 78. Kd4 Kg7 79. Kc3
Kf7 80. Kc2 Kg7 81. Nc1 Kf7 82. Rxa2 1-0

[Event "Druzynowe Mistrzostwa Polski Juniorow - I Liga Juniorow 2019"]
[Site "Ustron"]
[Date "1899-12-30"]
[Round "8.8"]
[White "Suder, Jakub"]
[Black "Butyrowski, Marcel"]
[Result "1/2-1/2"]
[WhiteTitle "I++"]
[BlackTitle "I++"]
[WhiteElo "1989"]
[BlackElo "2041"]

1. d4 Nf6 2. c4 e6 3. Nc3 Bb4 4. Qc2 d5 5. cxd5 exd5 6. Bg5 h6 7. Bxf6 Qxf6 8.
a3 Bxc3+ 9. Qxc3 c6 10. e3 O-O 11. Ne2 Bf5 12. Ng3 Nd7 13. Nxf5 Qxf5 14. Bd3 Qe6
15. O-O Nf6 16. Qc2 Ne4 17. Bxe4 dxe4 18. Rac1 Rfd8 19. f3 exf3 20. Rxf3 Rd5 21.
Rcf1 Rf8 22. b4 a5 23. Qb3 axb4 24. axb4 Qe4 25. Rf4 Qg6 26. h4 Qg3 27. Qc3 Rh5
28. R1f3 Qg6 29. Qb3 Rd5 30. Kh2 Qd6 31. g3 Qd7 32. Kg2 Qe7 33. Rf5 Rxf5 34. Rxf5
Ra8 35. Kf2 Ra1 36. Rf4 Qd7 37. Kg2 Re1 38. Rf1 Rxf1 39. Kxf1 Qh3+ 40. Kf2 Qh2+
41. Kf3 Qh1+ 42. Kf2 g5 43. hxg5 hxg5 44. Qd3 g4 45. Qf5 Qh2+ 46. Kf1 Qxg3 47.
Qg5+ Kf8 48. Qd8+ 1/2-1/2

[Event "Druzynowe Mistrzostwa Polski Juniorow - I Liga Juniorow 2019"]
[Site "Ustron"]
[Date "1899-12-30"]
[Round "8.9"]
[White "Wojdak, Jan"]
[Black "Dziewonski, Dariusz"]
[Result "1-0"]
[WhiteTitle "I"]
[BlackTitle "I"]
[WhiteElo "1803"]
[BlackElo "1803"]

1. e4 c5 2. Nf3 d6 3. d4 cxd4 4. Nxd4 Nf6 5. Nc3 g6 6. Be3 Bg7 7. f3 O-O 8. Qd2
Nc6 9. O-O-O d5 10. Qe1 e5 11. Nxc6 bxc6 12. exd5 Nxd5 13. Bc4 Be6 14. Ne4 Qc7
15. Bc5 Rfd8 16. Qh4 h6 17. g4 Rab8 18. g5 h5 19. Bb3 a5 20. Nf6+ Nxf6 21. gxf6
Bh6+ 22. Kb1 Bxb3 23. axb3 Rxd1+ 24. Rxd1 Rd8 25. Rg1 Kh7 26. Qc4 Rd5 27. Be7
Qd7 28. Ka2 Qb7 29. Re1 Bf4 30. Re2 Qb5 31. Qxb5 cxb5 32. c4 Rd7 33. c5 Rc7 34.
b4 a4 35. b3 axb3+ 36. Kxb3 g5 37. h3 Kg6 38. Ra2 Rc6 39. Kc3 e4 40. fxe4 g4 41.
hxg4 Be5+ 42. Kd3 hxg4 43. Ke3 Kg5 44. Ra8 Kh4 45. Kf2 Kg5 46. Ke3 Kh4 47. Rf8
Ra6 48. Rxf7 Kg3 49. Bd6 Bxd6 50. cxd6 Rxd6 51. e5 Rd1 52. Rg7 Re1+ 53. Kd4 Kf4
54. f7 Re4+ 55. Kd3 Re3+ 56. Kd2 Rxe5 57. f8=Q+ Rf5 58. Rf7 1-0

[Event "Druzynowe Mistrzostwa Polski Juniorow - I Liga Juniorow 2019"]
[Site "Ustron"]
[Date "1899-12-30"]
[Round "8.10"]
[White "Sobala, Filip"]
[Black "Stanislawski, Karol"]
[Result "1-0"]
[WhiteTitle "II"]
[BlackTitle "II"]
[WhiteElo "1421"]
[BlackElo "1279"]

1. e4 d6 2. d4 Nf6 3. Nc3 g6 4. Nf3 Bg7 5. Be2 O-O 6. O-O Bg4 7. h3 Bxf3 8. Bxf3
Nc6 9. Be3 e5 10. d5 Ne7 11. Ne2 c6 12. c4 Qc7 13. Qd2 Rfd8 14. Ng3 Nd7 15. Bh6
Nb6 16. Rac1 Qd7 17. Bg4 Qe8 18. h4 Qf8 19. Bxg7 Qxg7 20. h5 h6 21. hxg6 fxg6
22. f4 Rf8 23. fxe5 dxe5 24. d6 Rfd8 25. Be6+ Kh8 26. Rf7 Qg8 27. Qxh6+ 1-0

[Event "Druzynowe Mistrzostwa Polski Juniorow - I Liga Juniorow 2019"]
[Site "Ustron"]
[Date "1899-12-30"]
[Round "8.11"]
[White "Szelag, Zuzanna"]
[Black "Mazanowska, Aniela"]
[Result "1-0"]
[WhiteTitle "k"]
[BlackTitle "II"]
[WhiteElo "1942"]
[BlackElo "1250"]

1. e4 d5 2. exd5 Qxd5 3. Nc3 Qa5 4. d4 Nf6 5. Bd2 Bg4 6. f3 Bf5 7. Bc4 c6 8. Nge2
e6 9. O-O Qc7 10. Bf4 Bd6 11. Bxd6 Qxd6 12. Ng3 Bg6 13. Nge4 Nxe4 14. fxe4 Nd7
15. Bb3 O-O-O 16. Kh1 Nb6 17. d5 exd5 18. exd5 Nxd5 19. Nxd5 cxd5 20. Qd4 Qb6
21. Qf4 Rhf8 22. Rf3 Qd6 23. Rc3+ Kb8 24. Qf2 Be4 25. Rd1 h5 26. Re3 Qb6 27. Qf4+
Ka8 28. Rde1 Qg6 29. Rg3 Qb6 30. c4 g6 31. h3 Qd4 32. Kh2 Qxb2 33. cxd5 Bxd5 34.
Bxd5 Rxd5 35. Qxf7 Rfd8 36. Qxd5 Rc8 37. Qb3 Qg7 38. Qe6 Qf8 39. Qxg6 a6 40. Qxh5
1-0

[Event "Druzynowe Mistrzostwa Polski Juniorow - I Liga Juniorow 2019"]
[Site "Ustron"]
[Date "1899-12-30"]
[Round "8.12"]
[White "Goraj, Barbara"]
[Black "Frackowiak, Lena"]
[Result "1-0"]
[WhiteTitle "I++"]
[BlackTitle "II"]
[WhiteElo "1783"]
[BlackElo "1039"]

1. e4 e6 2. d4 d5 3. Nd2 c5 4. exd5 Qxd5 5. Ngf3 cxd4 6. Bc4 Qd6 7. O-O Nf6 8.
Nb3 Nc6 9. Nbxd4 Nxd4 10. Nxd4 Bd7 11. c3 Qc7 12. Bd3 a6 13. Re1 Bd6 14. h3 O-O-O
15. Qe2 Kb8 16. Nf3 Bc6 17. Ng5 Rd7 18. Kh1 h6 19. Ne4 Nxe4 20. Bxe4 g5 21. Bxc6
Qxc6 22. Be3 f6 23. Rad1 Rhh7 24. Rd2 Bf4 25. Bxf4+ gxf4 26. Rxd7 Rxd7 27. Qxe6
Rd1 28. Qg8+ Qc8 29. Qxc8+ Kxc8 30. Rxd1 1-0